000 00905nam a22003017a 4500
001 BR8703005
003 BR-BrBNA
005 20230928092549.0
007 ta
008 230509b bl.||||| |||| 00| 0 por d
040 _aBR-BrBNA
_bpor
_cBiblioteca Nacional de Agricultura
041 _a(Por)
072 _aL40; L10
_b5300
090 _ 5300 BR8703005
100 1 _aOba, E.
110 1 _aUniversidade Federal de Minas Gerais, Belo Horizonte (Brasil). Escola de Veterinaria
245 1 _aAspectos histologicos e citologicos da mucosa vaginal de porcas durante as fases do ciclo estral
260 3 _aBelo Horizonte, MG (Brasil):
_c1979.
300 _a58 p.
500 _aBibliography p. 51-58 (53 ref.); 14 illus.
650 _aSUINO
650 _aHISTOLOGIA
650 _aVAGINA
650 _aCITOLOGIA
650 _aCICLO ESTRAL
909 _a202309
_bLucia
_c55
_dLucia Elande
942 _cBK
999 _c39839
_d39839